| 000 | 01019nam a2200253 a 4500 | ||
|---|---|---|---|
| 001 | 83779 | ||
| 003 | BD-RjUL | ||
| 005 | 20240520105918.0 | ||
| 008 | 240520s1997 bg a|||| m||| 00| 0 eng d | ||
| 035 | _a(BD-RjUL)83779 | ||
| 040 |
_aBD-RjUL _beng _cBD-RjUL _dBD-RjUL |
||
| 041 | _aeng | ||
| 082 |
_223 _a595.752 _bKAB 1997 |
||
| 100 |
_aKarim, K. N. Shahjahan _913079 |
||
| 245 | 1 | 0 |
_aBio-Ecology of Aphis Gossyphglov. (Homoptera : Aphididae) Infesting Brinjal Plant at Rajshahi, Bangladesh / _cBy K. N. Shahjahan Karim ; _6Supervisor : M. Khalequzzaman, Co-Supervisor : Bidhan Chandra Das |
| 260 |
_aRajshahi : _bDepartment of Zoology, University of Rajshahi, _c1997 |
||
| 300 |
_aiii, 319 Leaves : _bill, ; _c29 cm. |
||
| 502 | _aThesis (Ph. D.) -- Department of Zoology, University of Rajshahi, 1997 | ||
| 504 | _aReferences : Leaves 190-211 | ||
| 650 |
_aArthropoda _vHomoptera _913080 |
||
| 700 |
_aKhalequzzaman, M. Supervisor _94602 |
||
| 700 |
_aDas, Bidhan Chandra, Co-Supervisor _913081 |
||
| 942 |
_2ddc _cTHE |
||
| 999 |
_c83779 _d83779 |
||